Представление документа в формате MARC21

Поле Инд. ПП Название Значение
Тип записи a
Библиографический уровень m
001 Контрольный номер RU/IS/BASE/290859204
005 Дата корректировки 20260305085104.0
020 a ISBN 978-5-91134-299-9
084 a Индекс другой классификации/Индекс ББК 88.56я73; 88.54я73; 88.3я73; 88.52я73; 60.8я73
090 a Полочн. индекс 88.56я73
x Авторский знак З 282
100 1_ a Автор Занковский А. Н.
q Полное имя Занковский Анатолий Николаевич
245 10 a Заглавие Организационная психология
b Продолж. заглавия учебное пособие
c Ответственность рецензент В. А. Бодров
260 c Дата издания 2009
b Издательство Форум
a Место издания Москва
300 a Объем 648 с.
b Иллюстрации/ тип воспроизводства ил.
336 a Термин вида содержания Текст
337 a Термин типа средства непосредственный
521 0_ a Примеч. о целев. назн. студенты
650 04 a Основная рубрика организационная психология
a Основная рубрика психология
a Основная рубрика социальная психология
a Основная рубрика социальное управление
653 0_ a Ключевые слова анализ документов
a Ключевые слова анкетирование
a Ключевые слова аттитюды
a Ключевые слова власть
a Ключевые слова групповое поведение
a Ключевые слова дедукция
a Ключевые слова естественный эксперимент
a Ключевые слова жизненный цикл организации
a Ключевые слова индивид
a Ключевые слова индивидуальность
a Ключевые слова индивидуальные различия
a Ключевые слова индукция
a Ключевые слова интервьюирование
a Ключевые слова коммуникативная функция
a Ключевые слова коммуникационные сети
a Ключевые слова контент-анализ
a Ключевые слова лабораторные эксперименты
a Ключевые слова лидерство
a Ключевые слова личностные характеристики
a Ключевые слова личность
a Ключевые слова межличностное взаимодействие
a Ключевые слова межличностное восприятие
a Ключевые слова метод наблюдения
a Ключевые слова методы влияния
a Ключевые слова методы психологических исследований
a Ключевые слова мотивация
a Ключевые слова насилие
a Ключевые слова научные исследования
a Ключевые слова научный менеджмент
a Ключевые слова научный метод
a Ключевые слова неформальное общение
a Ключевые слова нормы труда
a Ключевые слова общение
a Ключевые слова опросные методы
a Ключевые слова организации
a Ключевые слова организационная культура
a Ключевые слова организационные структуры
a Ключевые слова организационная теория
a Ключевые слова организационное поведение
a Ключевые слова организационное развитие
a Ключевые слова организационные принципы
a Ключевые слова организационные ценности
a Ключевые слова отбор персонала
a Ключевые слова перцептивная функция
a Ключевые слова планирование исследований
a Ключевые слова поведение
a Ключевые слова поведенческий подход
a Ключевые слова познание мира
a Ключевые слова потребности
a Ключевые слова регулятивная функция
a Ключевые слова ролевая идентификация
a Ключевые слова ролевые конфликты
a Ключевые слова руководство
a Ключевые слова ситуационный подход
a Ключевые слова социометрический опрос
a Ключевые слова способности
a Ключевые слова стиль управления
a Ключевые слова стратегии организации
a Ключевые слова структурные теории
a Ключевые слова тейлоризм
a Ключевые слова теории личности
a Ключевые слова теории мотивации
a Ключевые слова теория лидерства
a Ключевые слова теория М.Вебера
a Ключевые слова тестирование
a Ключевые слова типы власти
a Ключевые слова удовлетворенность трудом
a Ключевые слова факторные эксперименты
a Ключевые слова цели организации
a Ключевые слова ценности
a Ключевые слова ценностные ориентации
a Ключевые слова централизация власти
655 a Жанр/ форма (устаревшее) учебное пособие
700 12 a Автор Бодров В. А.
e Роль лиц рецензент
901 t Тип документа m
952 a Тип литературы для КСУ ВШ УИ
954 a Гриф 1.6.1